| 000 | 00610nam a2200181 i 4500 | ||
|---|---|---|---|
| 001 | 55461 | ||
| 003 | ES-MaACL | ||
| 005 | 20230906163142.0 | ||
| 007 | t| | ||
| 008 | 030919s1981 sp |||| | spa d | ||
| 100 | 1 |
_aDerouin, Philippe. _943792 |
|
| 245 | 1 | 3 |
_aEl impuesto sobre el valor añadido en la CEE / _cPhilippe Derouin ; prólogo de Georges Vedel. |
| 260 |
_a[Madrid] : _bRevista de Derecho Financiero, _c[1981] |
||
| 300 |
_a564 p. ; _c22 cm. |
||
| 650 | 4 |
_aImpuesto sobre el valor añadido- _zPaíses de la Unión Europea. _9169205 |
|
| 700 | 1 |
_aVedel, Georges. _9113519 |
|
| 852 |
_aES-MaACL _jL-1627 |
||
| 999 |
_c55461 _d55461 |
||